Property Week (Record no. 118511)

MARC details
000 -LEADER
fixed length control field 00657cas a22002295a 4500
001 - CONTROL NUMBER
control field L98755
008 - FIXED-LENGTH DATA ELEMENTS--GENERAL INFORMATION
fixed length control field 070717c1994 xxkwr p 0 a0eng
022 1# - INTERNATIONAL STANDARD SERIAL NUMBER
International Standard Serial Number 0969-7594
035 ## - SYSTEM CONTROL NUMBER
System control number (Sirsi) u98755
041 0# - LANGUAGE CODE
Language code of text/sound track or separate title eng
245 00 - TITLE STATEMENT
Title Property Week
260 3# - PUBLICATION, DISTRIBUTION, ETC.
Place of publication, distribution, etc. London
Name of publisher, distributor, etc. CMP
Date of publication, distribution, etc. 1994-
362 ## - DATES OF PUBLICATION AND/OR SEQUENTIAL DESIGNATION
Dates of publication and/or sequential designation London: 45(7) 17 February 1994-
362 0# - DATES OF PUBLICATION AND/OR SEQUENTIAL DESIGNATION
Dates of publication and/or sequential designation Edinburgh: 45(7) 17 February 1994-
500 ## - GENERAL NOTE
General note gap in collection after 28 Feb 2020 issue and before 21 Jan 2022 issue
651 #4 - SUBJECT ADDED ENTRY--GEOGRAPHIC NAME
Geographic name United Kingdom
690 ## - LOCAL SUBJECT ADDED ENTRY--TOPICAL TERM (OCLC, RLIN)
Topical term or geographic name as entry element PROPERTY
780 00 - PRECEDING ENTRY
Title Chartered Surveyor Weekly
International Standard Serial Number 0969-7594
780 00 - PRECEDING ENTRY
Title Estates Times
International Standard Serial Number 0014-1259
942 ## - ADDED ENTRY ELEMENTS (KOHA)
Suppress in OPAC 0
Source of classification or shelving scheme Dewey Decimal Classification
948 ## - LOCAL PROCESSING INFORMATION (OCLC); SERIES PART DESIGNATOR (RLIN)
c (OCLC) 24/02/1994
Holdings
Withdrawn status Lost status Source of classification or shelving scheme Damaged status Not for loan Home library Current library Shelving location Date acquired Total Checkouts Full call number Barcode Date last seen Price effective from Koha item type Public note
    Dewey Decimal Classification     London London Gallery 21/04/2004   PROPERTY WEEK (1994-FIVE YEARS AGO) 98755-214001 06/08/2019 06/08/2019 Journal  
    Dewey Decimal Classification     London London Journals 22/01/2007   PROPERTY WEEK (LAST FIVE YEARS) 98755-259001 06/08/2019 06/08/2019 Journal  
    Dewey Decimal Classification     Virtual Virtual Online 21/06/2023   ONLINE JOURNAL   21/06/2023 21/06/2023 News article Content behind paywall available when on RICS Guest Wifi